000 00193 a2200097 4500
001 2671
100 _aWallis, J.P.R.
245 _aFitz
260 _a
_bMacmillan & co.
_c
090 _c1967
_d1967
942 _aNUST-CAE
_cM
_c10746
999 _c237744
_d237744